000 00912cai a22001815a 4500
001 L138607
008 070625u xxk g s 000 0 eng d
035 _a(Sirsi) u138607
041 0 _aeng
110 1 _aUnited Kingdom
_bThe Insolvency Service
_95238
245 0 0 _aInsolvency and company liquidation statistics
_h[electronic resource]
520 _aProvides UK insolvency statistics. Includes overall quarterly statistics; individual insolvencies in England and Wales from 1999 to 2004; corporate insolvencies in England, Wales and Scotland from 1999 to 2004; bankruptcies and company liquidations from 2004; and complaints and performance summaries.
590 _aKA
651 4 _aUnited Kingdom
_y
690 _aMANAGEMENT-CORPORATE RECOVERY
856 4 0 _uhttps://www.insolvency.gov.uk/otherinformation/statistics/statisticsmenu.htm
_zView the website free of charge at www.insolvency.gov.uk...
942 _n0
999 _c120608
_d120608